000 00570nam a22001937a 4500
005 20220812102531.0
008 220812b |||||||| |||| 00| 0 eng d
020 _a9788190133838
_qpbk
020 _a 8190133837
_qpbk
082 _a333.9140954
_bSAT
100 _aSathasivam, Kumaran
245 _aWave quest : a technological odyssey
260 _aChennai
_bNational Institute of Ocean Technology
_c2014
300 _axiii, 90p. ; 21cm.
653 _aOcean transport energy
653 _aWave energy to electricity
700 _aJayashankar, V.
942 _2ddc
_cBK
999 _c50499
_d50499